000 01581cam a22001934a 4500
005 20250605164327.0
008 250528s ||||||||||||||||||||||||d
035 _a23080
020 _a333777506
040 _aGR-AtMCL
_bgre
_dGR-AtMCL
_eAACR2
245 1 _aMarketing Management / A Relationship Marketing Perspective
260 _aNew York, NY
_bPalgrave Macmillan,
_c2000
300 _a302
520 _aThis book introduces the reader to the principles of marketing management with the concept of relationship marketing integrated throughout. Preface: Introduction to Marketing Management: A Relationship Marketing Perspective, Foreword, Acknowledgements, The Role of Relationship Marketing in Business, A Marketing Orientation, Relationship Marketing: Managing Multiple Markets, Marketing Diagnostic Tools, The Customer Relationship Audit, Consumer Behaviour, Organizational Buyer Behaviour, Market Segmentation, Market Research, Customer Retention, Creating Customer Value Through the Expanded Marketing Mix, New Product Development and Product Policy, Managing Logistics and Channels, Pricing Strategy, Branding and Positioning, The Communications Mix, Customer Service and People and Services, Planning and Organizing for Relationship Marketing, Planning for Relationship Marketing, Organizing for Relationship Marketing, Managing Key Accounts, Meeting the Challenge Through Relationship Marketing, Relationship Marketing: Tapping the Power of Marketing, Index.
710 2 _aCranfield School Of Management
_99814
942 _cBK
999 _c8111
_d8111